| 000 | 00418nam a2200145Ia 4500 | ||
|---|---|---|---|
| 008 | 210707s1984 xx 000 0 und d | ||
| 041 | _aeng | ||
| 082 | _a001.6424Co PHII | ||
| 100 | _aPHILIPPAKIS (Andreas S) & KAZMIER (Leonard J) | ||
| 245 | _aInformation systems through COBOL. | ||
| 250 | _a2 | ||
| 260 |
_aLondon _bMcgraw hill international book co. _c1984 |
||
| 300 | _axiii,606 p | ||
| 650 | _aComputer Science | ||
| 999 |
_c180464 _d180464 |
||